[Event "ICS Rated blitz match"]
[Site "204.178.125.65"]
[Date "2000.03.01"]
[Round "?"]
[White "sga"]
[Black "Hossa"]
[Result "0-1"]
[WhiteElo "2271"]
[BlackElo "2420"]
[PlyCount "42"]

1. d4 Nf6 2. Nf3 g6 3. c4 c5 4. e3 Bg7 5. Nc3 cxd4 6. Nxd4 O-O 7. Be2 Re8 8.
O-O d6 9. e4 Nc6 10. Be3 Bd7 11. Rc1 Nxd4 12. Bxd4 Qa5 13. b3 Bc6 14. Nd5 Nxe4
15. Bxg7 Kxg7 16. Qd4+ Nf6 17. Nxf6 exf6 18. Rc2 Re6 19. Bg4 Re4 20. Qd1 Rae8
21. Rd2 Rxg4 0-1

[Event "ICS Rated bullet match"]
[Site "204.178.125.65"]
[Date "2000.03.01"]
[Round "?"]
[White "Hossa"]
[Black "JSBach"]
[Result "1/2-1/2"]
[WhiteElo "2400"]
[BlackElo "2132"]
[PlyCount "122"]

1. c4 e5 2. Nc3 Bb4 3. Nd5 Bc5 4. Nf3 c6 5. Nc3 Qf6 6. Ne4 Qe7 7. Nxc5 Qxc5 8.
d4 exd4 9. Qxd4 Qxd4 10. Nxd4 Ne7 11. Bf4 d5 12. cxd5 Nxd5 13. Bd6 Bg4 14. h3
Bh5 15. Nf5 g6 16. Ng7+ Kd7 17. Bg3 Nf6 18. O-O-O+ Kc8 19. Bf4 Rg8 20. Be5 Nfd7
21. Bc3 Rd8 22. g4 Bxg4 23. hxg4 Nf8 24. Rxd8+ Kxd8 25. g5 Nbd7 26. Bh3 a6 27.
Bxd7 Kxd7 28. Bb4 c5 29. Bxc5 Rc8 30. Rd1+ Kc6 31. Bxf8 Rxf8 32. Rh1 Rh8 33.
Kc2 b5 34. b4 Kb6 35. Rh6 a5 36. bxa5+ Kxa5 37. a3 Ka4 38. Kb2 Ka5 39. Kb3 Kb6
40. e4 Kc5 41. Kb2 Rd8 42. Rh2 Rd2+ 43. Kc3 Ra2 44. Kb3 Rd2 45. Rxh7 Re2 46.
Kc3 Ra2 47. Ne8 Rxa3+ 48. Kd2 Kd4 49. Nf6 Ra2+ 50. Ke1 Ra1+ 51. Ke2 Ra7 52. f4
b4 53. Rh8 Ra2+ 54. Kf3 b3 55. Rf8 b2 56. Rd8+ Kc3 57. Rb8 Kc2 58. Rc8+ Kb3 59.
Rb8+ Kc2 60. Rc8+ Kb3 61. Rb8+ Kc2 1/2-1/2

[Event "ICS rated blitz match"]
[Site "204.178.125.65"]
[Date "2000.03.01"]
[Round "?"]
[White "Erikasparov"]
[Black "Hossa"]
[Result "1-0"]
[WhiteElo "2647"]
[BlackElo "2451"]
[PlyCount "117"]

1. e4 e5 2. Nf3 Nc6 3. Bb5 a6 4. Ba4 Nf6 5. O-O Be7 6. Re1 b5 7. Bb3 d6 8. c3
O-O 9. d3 b4 10. Ba4 Bd7 11. Bxc6 Bxc6 12. cxb4 Qd7 13. Nc3 Rfb8 14. a3 Qg4 15.
Qc2 Bd7 16. Bg5 c6 17. Ne2 Re8 18. h3 Qh5 19. d4 Rad8 20. dxe5 dxe5 21. Ng3 Qg6
22. Be3 Nd5 23. Nxe5 Nxe3 24. Rxe3 Qf6 25. Nxd7 Rxd7 26. Rc3 Qf4 27. Ne2 Qh4
28. Rxc6 Bg5 29. Ng3 Rd2 30. Rc8 Rxc8 31. Qxc8+ Bd8 32. Qxa6 Qf4 33. Rf1 Rxb2
34. Qc6 Kf8 35. Qc5+ Kg8 36. Qc3 Qd2 37. Qxd2 Rxd2 38. Rc1 Kf8 39. a4 Bb6 40.
Nh1 Rd4 41. a5 Bd8 42. a6 Bb6 43. b5 Rxe4 44. Rc6 Re1+ 45. Kh2 Bd4 46. b6 Re8
47. b7 f5 48. Rc8 Ba7 49. Ra8 g5 50. Rxa7 g4 51. Ra8 Kg7 52. Rxe8 f4 53. b8=Q
g3+ 54. fxg3 Kf7 55. Qb7+ Kf6 56. Qe7+ Kf5 57. Qf7+ Kg5 58. gxf4+ Kh4 59. Qxh7#
1-0

[Event "ICS rated bullet match"]
[Site "204.178.125.65"]
[Date "2000.03.01"]
[Round "?"]
[White "Hossa"]
[Black "JSBach"]
[Result "1-0"]
[WhiteElo "2364"]
[BlackElo "2177"]
[PlyCount "77"]

1. e4 e5 2. Nf3 Qf6 3. Nc3 Qe6 4. d4 Bd6 5. dxe5 Bxe5 6. Nxe5 Qxe5 7. Qd5 Nc6
8. Qxe5+ Nxe5 9. Be2 Nf6 10. Bg5 Rg8 11. f4 Nc6 12. O-O-O d6 13. Nb5 Kd7 14.
Bf3 a6 15. Nc3 Ke8 16. Bxf6 gxf6 17. Nd5 Kd8 18. Nxf6 Rh8 19. e5 Nb4 20. a3
Na2+ 21. Kb1 Be6 22. exd6 c6 23. Rhe1 Bc4 24. Re7 Rb8 25. Nd7 Rc8 26. Nb6 Be6
27. Rxb7 Rf8 28. d7 Ra8 29. Nxa8 Bd5 30. Rb8+ Kxd7 31. Rxf8 Ke7 32. Rg8 Be6 33.
Bxc6 Kf6 34. Nc7 Bc4 35. Ne8+ Ke7 36. f5 Nc3+ 37. bxc3 Bd5 38. Rxd5 h6 39. Rd7#
1-0

[Event "ICS rated blitz match"]
[Site "204.178.125.65"]
[Date "2000.03.01"]
[Round "?"]
[White "Hossa"]
[Black "pmg"]
[Result "1-0"]
[WhiteElo "2449"]
[BlackElo "2061"]
[PlyCount "31"]

1. e4 c5 2. Nf3 e6 3. d4 cxd4 4. Nxd4 Nf6 5. Nc3 Nc6 6. Ndb5 Bb4 7. Bg5 a6 8.
Nd6+ Ke7 9. Nc4 d5 10. Bxf6+ gxf6 11. exd5 exd5 12. Qe2+ Be6 13. O-O-O Bxc3 14.
bxc3 Rc8 15. Qe3 Re8 16. Qc5+ 1-0

[Event "ICS rated blitz match"]
[Site "204.178.125.65"]
[Date "2000.03.01"]
[Round "?"]
[White "JMatias"]
[Black "Hossa"]
[Result "0-1"]
[WhiteElo "2384"]
[BlackElo "2452"]
[PlyCount "36"]

1. d4 Nf6 2. Nf3 g6 3. e3 d5 4. Be2 Bh6 5. O-O O-O 6. c4 dxc4 7. Bxc4 Nbd7 8.
Nc3 c5 9. e4 Bxc1 10. Rxc1 Nb6 11. Be2 cxd4 12. Nxd4 Bd7 13. f4 Rc8 14. Qd2 Bg4
15. Bxg4 Nc4 16. Qe2 Qxd4+ 17. Kh1 Nxg4 18. Qxg4 Ne3 0-1

[Event "ICS rated blitz match"]
[Site "204.178.125.65"]
[Date "2000.03.01"]
[Round "?"]
[White "Hossa"]
[Black "JMatias"]
[Result "1-0"]
[WhiteElo "2465"]
[BlackElo "2371"]
[PlyCount "87"]

1. e4 c5 2. Nf3 g6 3. d4 cxd4 4. Nxd4 Bg7 5. c4 Nc6 6. Nxc6 dxc6 7. Qxd8+ Kxd8
8. Be2 e5 9. Bg5+ f6 10. Be3 Be6 11. Nc3 Kc7 12. O-O-O Bh6 13. Bxh6 Nxh6 14.
Kc2 Nf7 15. a4 a5 16. Rd2 Rad8 17. Bd3 Rd7 18. c5 Rhd8 19. Rhd1 Rd4 20. h4 Bg4
21. f3 Be6 22. Kc1 Bb3 23. Bc2 Rxd2 24. Rxd2 Bc4 25. g3 Rxd2 26. Kxd2 g5 27.
Nd1 Nd8 28. hxg5 fxg5 29. Ne3 Bf7 30. Ng4 Ne6 31. Bb3 Nd8 32. Bd1 Ne6 33. Nxe5
Bh5 34. Nd3 Nd4 35. Ke3 Ne6 36. Bb3 Kd7 37. Ne5+ Ke7 38. Bxe6 Kxe6 39. Nc4 Ke7
40. Nxa5 Bf7 41. Nxb7 Bb3 42. a5 Kd7 43. a6 Kc7 44. Na5 1-0

[Event "ICS Rated blitz match"]
[Site "204.178.125.65"]
[Date "2000.03.01"]
[Round "?"]
[White "JMatias"]
[Black "Hossa"]
[Result "0-1"]
[WhiteElo "2354"]
[BlackElo "2477"]
[PlyCount "130"]

1. d4 Nf6 2. e3 g6 3. f4 Bg7 4. Nf3 O-O 5. Bd3 d5 6. O-O Bg4 7. Nbd2 Re8 8. c3
a6 9. Qb3 Ra7 10. a4 Nc6 11. a5 Qc8 12. Qd1 Bf5 13. Bxf5 Qxf5 14. b4 Qd3 15.
Nb1 Qxd1 16. Rxd1 Ne4 17. Bd2 e6 18. Kf1 f6 19. Ke2 Ne7 20. Kd3 Nf2+ 21. Ke2
Nxd1 22. Kxd1 Nf5 23. g4 Nd6 24. Ke2 Ne4 25. Kd3 Nf2+ 26. Ke2 Nxg4 27. Na3 Nh6
28. Nc2 Nf5 29. Nce1 Nd6 30. Nd3 Nc4 31. Be1 Kf7 32. Nc5 Bf8 33. Nd3 Bd6 34.
Bg3 h5 35. Rf1 Kg7 36. h4 b6 37. axb6 cxb6 38. Ra1 a5 39. b5 a4 40. Nb4 Bxb4
41. cxb4 Nd6 42. Ne1 Nxb5 43. Nd3 Nd6 44. Ra2 Rc8 45. Be1 Ra6 46. Bd2 Raa8 47.
Be1 Rc7 48. Bd2 Kf7 49. Kd1 Nf5 50. Ne1 Nxh4 51. Ke2 g5 52. fxg5 fxg5 53. e4
dxe4 54. Bxg5 Nf5 55. Ng2 Rg8 56. Ne3 Nxd4+ 57. Kf2 Rxg5 58. Rxa4 Kg7 59. Nd1
Rg4 60. Ke3 Nf5+ 61. Ke2 Rc2+ 62. Kf1 e3 63. Ra7+ Kg6 64. Nf2 Rxf2+ 65. Ke1
Rg1# 0-1

[Event "ICS rated blitz match"]
[Site "204.178.125.65"]
[Date "2000.03.01"]
[Round "?"]
[White "Hossa"]
[Black "JMatias"]
[Result "0-1"]
[WhiteElo "2488"]
[BlackElo "2343"]
[PlyCount "204"]

1. e4 c5 2. Nf3 g6 3. d4 cxd4 4. Nxd4 Bg7 5. c4 Nc6 6. Nxc6 dxc6 7. Qxd8+ Kxd8
8. Be2 e5 9. Bg5+ f6 10. Be3 Be6 11. Nc3 Kc7 12. O-O-O Bh6 13. Bxh6 Nxh6 14.
Kc2 b6 15. Rd2 Rhd8 16. Rhd1 Nf7 17. Rxd8 Rxd8 18. Rxd8 Nxd8 19. b4 a5 20. bxa5
bxa5 21. Na4 Nb7 22. f3 Kd6 23. h4 g5 24. h5 h6 25. g4 Nc5 26. Nxc5 Kxc5 27.
Kc3 Bc8 28. Bd1 Ba6 29. Bb3 a4 30. Bxa4 Bxc4 31. Bxc6 Be2 32. Bd7 Bxf3 33. Bf5
Bd1 34. Bc8 Ba4 35. Be6 Bc6 36. Bf5 Bb7 37. Kd3 Kb4 38. Ke3 Ba6 39. Be6 Bb5 40.
Kd2 Bc6 41. Kd3 Bb5+ 42. Kd2 Bf1 43. Bb3 Bh3 44. Be6 Bg2 45. Ke3 Kc3 46. a4 Bf1
47. Kf2 Ba6 48. Bd7 Kb4 49. Ke3 Bc4 50. Kd2 Bb3 51. Kd3 Ba2 52. Kc2 Bf7 53. Kd2
Bc4 54. Ke3 Ba2 55. Kd2 Bb1 56. Bc6 Kc5 57. Bd5 Kb4 58. Bc6 Ba2 59. Bd7 Bg8 60.
Kc2 Bh7 61. Kd3 Bg8 62. Kd2 Kc4 63. a5 Kc5 64. Kc3 Bc4 65. Bc8 Be2 66. Kd2 Bf3
67. Ke3 Bd1 68. Bd7 Bc2 69. a6 Kb6 70. Bc8 Ba4 71. Bb7 Bb5 72. Kf3 Bxa6 73.
Bxa6 Kxa6 74. Ke3 Kb5 75. Kf3 Kb4 76. Kf2 Kc3 77. Ke3 Kc2 78. Ke2 Kb3 79. Kd3
Kb4 80. Ke2 Kc4 81. Ke3 Kc3 82. Kf2 Kd4 83. Kf3 Kd3 84. Kg3 Kxe4 85. Kg2 Ke3
86. Kg3 e4 87. Kg2 Kf4 88. Kh3 Kf3 89. Kh2 Kxg4 90. Kg2 Kxh5 91. Kf2 Kg4 92.
Ke2 f5 93. Ke3 h5 94. Kf2 h4 95. Ke3 h3 96. Kf2 f4 97. Kg1 e3 98. Kh1 f3 99.
Kh2 e2 100. Kg1 e1=Q+ 101. Kh2 Qf2+ 102. Kh1 Qg2# 0-1

[Event "ICS rated blitz match"]
[Site "204.178.125.65"]
[Date "2000.03.01"]
[Round "?"]
[White "Hossa"]
[Black "JMatias"]
[Result "1-0"]
[WhiteElo "2466"]
[BlackElo "2360"]
[PlyCount "93"]

1. e4 c5 2. Nf3 g6 3. d4 cxd4 4. Nxd4 Bg7 5. c4 Nc6 6. Nxc6 dxc6 7. Qxd8+ Kxd8
8. Be2 e5 9. Bg5+ f6 10. Be3 Be6 11. Nc3 Kc7 12. O-O-O Bh6 13. Bxh6 Nxh6 14.
Kc2 b6 15. Rd2 Rhd8 16. Rhd1 a5 17. Na4 Nf7 18. c5 b5 19. Nb6 Rxd2+ 20. Rxd2
Rd8 21. Rxd8 Nxd8 22. a3 a4 23. Kc3 g5 24. Bd1 Nb7 25. Kb4 h6 26. Bh5 Bb3 27.
Bg4 Bc2 28. f3 Bb3 29. Nd7 Bf7 30. Nxf6 Nd8 31. Nd7 Be6 32. Nxe5 Bxg4 33. Nxg4
Nf7 34. Kc3 Kd7 35. h4 Ke6 36. h5 Ke7 37. g3 Ke6 38. f4 gxf4 39. gxf4 Ke7 40.
Kd3 Ke6 41. f5+ Ke7 42. e5 Ng5 43. Ke3 Nf7 44. e6 Ng5 45. Nxh6 Kf6 46. Ng4+ Ke7
47. Ne5 1-0

[Event "ICS Rated blitz match"]
[Site "204.178.125.65"]
[Date "2000.03.01"]
[Round "?"]
[White "JMatias"]
[Black "Hossa"]
[Result "0-1"]
[WhiteElo "2349"]
[BlackElo "2477"]
[PlyCount "48"]

1. d4 Nf6 2. e3 g6 3. Bd3 Bg7 4. h4 d5 5. Nd2 e5 6. dxe5 Ng4 7. Ngf3 Nc6 8. h5
Ncxe5 9. Nxe5 Nxe5 10. hxg6 hxg6 11. Rxh8+ Bxh8 12. Nf3 Qe7 13. Be2 c6 14. Bd2
Nxf3+ 15. Bxf3 Bxb2 16. Rb1 Qa3 17. c4 dxc4 18. Qc2 c3 19. Bc1 Qxa2 20. Bxb2
cxb2 21. Rxb2 Qa3 22. Bxc6+ bxc6 23. Qxc6+ Kf8 24. Qxa8 Qa1+ 0-1

[Event "ICS rated blitz match"]
[Site "204.178.125.65"]
[Date "2000.03.01"]
[Round "?"]
[White "Hossa"]
[Black "HaraldLdahl"]
[Result "0-1"]
[WhiteElo "2506"]
[BlackElo "2144"]
[PlyCount "128"]

1. e4 Nf6 2. Nc3 d5 3. e5 d4 4. Nce2 d3 5. cxd3 Nd5 6. d4 e6 7. Nc3 Nb6 8. Nf3
Bd7 9. Be2 Bc6 10. O-O Be7 11. d3 O-O 12. Be3 Qd7 13. Nd2 Nd5 14. Nxd5 Qxd5 15.
Bf3 Qd7 16. Qb3 Bxf3 17. Nxf3 c6 18. Nd2 Na6 19. Ne4 Rab8 20. g3 Nc7 21. Rac1
Nd5 22. Bd2 h6 23. f4 Rfd8 24. Ba5 Rdc8 25. Rfe1 Bf8 26. Bd2 Be7 27. Qa4 a6 28.
Qc4 Bf8 29. Rc2 Be7 30. Rb1 Bf8 31. Rcc1 Be7 32. Re1 Bf8 33. Re2 Be7 34. Be1
Bf8 35. Bf2 Be7 36. Rd2 Bf8 37. Rdd1 Re8 38. Rf1 Be7 39. Rfc1 Bf8 40. Rc2 Be7
41. Rd2 Bf8 42. Rc1 Be7 43. Rdc2 Bf8 44. Qb3 Be7 45. Nd2 Bf8 46. Nf3 Be7 47.
Rc4 Bf8 48. Nd2 Kh8 49. Ne4 Kh7 50. Nc5 Bxc5 51. Rxc5 Kg8 52. R5c2 f5 53. Re1
Kh7 54. Qc4 Rg8 55. Rce2 g5 56. fxg5 Rxg5 57. Rf1 Rbg8 58. Qb3 Qg7 59. Ree1 h5
60. Re2 h4 61. Ree1 hxg3 62. hxg3 Rxg3+ 63. Bxg3 Qxg3+ 64. Kh1 Qg2# 0-1

[Event "ICS rated blitz match"]
[Site "204.178.125.65"]
[Date "2000.03.01"]
[Round "?"]
[White "Hossa"]
[Black "HaraldLdahl"]
[Result "1-0"]
[WhiteElo "2478"]
[BlackElo "2171"]
[PlyCount "171"]

1. e4 Nf6 2. e5 Nd5 3. d4 d6 4. Nf3 Bg4 5. Be2 c6 6. Ng5 Bf5 7. Bg4 Qd7 8. Bxf5
Qxf5 9. g4 Qd7 10. exd6 exd6 11. O-O Be7 12. Re1 O-O 13. Qe2 Bxg5 14. Bxg5 h6
15. Bh4 Na6 16. Nc3 Nxc3 17. bxc3 Rfe8 18. Qf3 Nc7 19. c4 d5 20. cxd5 cxd5 21.
Re5 Rxe5 22. dxe5 Re8 23. Qe2 g5 24. Bg3 f5 25. gxf5 Qxf5 26. Rb1 Ne6 27. Rxb7
Nd4 28. Qd3 Nf3+ 29. Kh1 Qxd3 30. cxd3 Nxe5 31. Bxe5 Rxe5 32. Rxa7 Re2 33. Kg2
Rd2 34. Ra3 g4 35. Ra4 h5 36. Rd4 Rxa2 37. Rxd5 Rd2 38. Rxh5 Rxd3 39. Rg5+ Kh7
40. Rxg4 Rd1 41. h4 Rd2 42. Rg3 Ra2 43. Rg5 Ra3 44. Rd5 Kg7 45. Rd6 Kf7 46. h5
Rb3 47. h6 Ra3 48. Rd7+ Kg8 49. Rg7+ Kh8 50. Rg6 Kh7 51. Rd6 Rb3 52. f3 Ra3 53.
Kg3 Ra1 54. Rf6 Rh1 55. Kg4 Rg1+ 56. Kh4 Rh1+ 57. Kg3 Rg1+ 58. Kf4 Re1 59. Rd6
Re2 60. Kg4 Rg2+ 61. Kh3 Re2 62. Kh4 Rh2+ 63. Kg3 Rh1 64. Rb6 Rg1+ 65. Kh4 Rh1+
66. Kg4 Rg1+ 67. Kf5 Rf1 68. Kf4 Re1 69. Rf6 Rf1 70. Rd6 Re1 71. Kg5 Rg1+ 72.
Kf5 Rf1 73. f4 Rf2 74. Re6 Rf1 75. Kg5 Rg1+ 76. Kh5 Rh1+ 77. Kg4 Rg1+ 78. Kf3
Rf1+ 79. Ke4 Re1+ 80. Kd5 Rf1 81. Ke5 Re1+ 82. Kf6 Kxh6 83. Rxe1 Kh5 84. Kf5
Kh4 85. Re3 Kh5 86. Rh3# 1-0

[Event "ICS rated bullet match"]
[Site "204.178.125.65"]
[Date "2000.03.01"]
[Round "?"]
[White "Hossa"]
[Black "EA6PZ"]
[Result "0-1"]
[WhiteElo "2389"]
[BlackElo "2381"]
[PlyCount "174"]

1. e4 e5 2. Nf3 Nc6 3. Bc4 Bc5 4. c3 Nf6 5. d4 exd4 6. cxd4 Bb4+ 7. Nc3 Nxe4 8.
O-O Bxc3 9. d5 Ne5 10. bxc3 Nxc4 11. Qd4 O-O 12. Qxe4 b5 13. d6 c6 14. Ng5 f5
15. Qd3 Qf6 16. Rd1 h6 17. Nf3 Bb7 18. Nd2 Ne5 19. Qd4 c5 20. Qxc5 Qg5 21. f3
Nd3 22. Nb3 Nxc5 23. Bxg5 Nxb3 24. axb3 hxg5 25. Re1 Rf6 26. Rad1 Rc8 27. Re7
Rf7 28. Re3 a6 29. Rdd3 g6 30. Re1 Kg7 31. Re2 Kf6 32. Re1 Rh7 33. Rde3 Bd5 34.
b4 Rc6 35. Re7 Rf7 36. Re8 Rxc3 37. Rd1 Bb3 38. Rb1 Ba4 39. Rbe1 Rd3 40. Ra8
Rxd6 41. h3 Rh7 42. Rc1 Rh4 43. Rb1 Rc6 44. Kh2 Rhc4 45. Kg1 d5 46. Kh2 d4 47.
Rf8+ Ke5 48. Re8+ Kd5 49. Re7 d3 50. Rb2 Bc2 51. Rd7+ Rd6 52. Rxd6+ Kxd6 53.
Ra2 d2 54. Rxa6+ Ke5 55. Ra1 Rxb4 56. Rf1 Rb1 57. Rxb1 Bxb1 58. h4 d1=Q 59. h5
gxh5 60. Kg3 Qxf3+ 61. Kxf3 g4+ 62. Ke2 Be4 63. Kf2 Bxg2 64. Kxg2 b4 65. Kg3 b3
66. Kf2 b2 67. Ke2 b1=R 68. Kd3 h4 69. Kc4 h3 70. Kd3 h2 71. Kc4 h1=R 72. Kd3
g3 73. Ke3 g2 74. Kd3 g1=R 75. Kc3 f4 76. Kd2 f3 77. Kd3 f2 78. Kc3 f1=R 79.
Kc4 Rfc1+ 80. Kd3 Rgd1+ 81. Ke2 Rb2+ 82. Kf3 Rh3+ 83. Kg4 Rhb3 84. Kh5 Kf5 85.
Kh6 Rb6+ 86. Kg7 Rc7+ 87. Kg8 Rd8# 0-1

[Event "ICS rated blitz match"]
[Site "204.178.125.65"]
[Date "2000.03.01"]
[Round "?"]
[White "Bannon"]
[Black "Hossa"]
[Result "0-1"]
[WhiteElo "2092"]
[BlackElo "2483"]
[PlyCount "44"]

1. e4 e5 2. Nf3 Nc6 3. Bb5 a6 4. Ba4 Nf6 5. O-O Be7 6. Re1 b5 7. Bb3 d6 8. Bd5
Nxd5 9. exd5 Nb4 10. Nc3 Bb7 11. d4 f6 12. dxe5 dxe5 13. Nxe5 fxe5 14. Qh5+ Kf8
15. Rxe5 Nxc2 16. Bh6 Nxa1 17. Rf5+ Bf6 18. Qg5 Kg8 19. Qe3 gxh6 20. Qe6+ Kg7
21. Rf3 Re8 22. Qg4+ Kh8 0-1

[Event "ICS rated blitz match"]
[Site "204.178.125.65"]
[Date "2000.03.01"]
[Round "?"]
[White "Hossa"]
[Black "proszach"]
[Result "1-0"]
[WhiteElo "2486"]
[BlackElo "2274"]
[PlyCount "63"]

1. c4 c6 2. d4 d5 3. cxd5 cxd5 4. e3 Nc6 5. Bb5 Nf6 6. Nf3 Bd7 7. Bd2 e6 8. Nc3
Bd6 9. Rc1 O-O 10. O-O a6 11. Bd3 b5 12. Ne2 Qe7 13. a3 Rfc8 14. Qb3 e5 15. Bc2
e4 16. Ne1 Bxh2+ 17. Kxh2 Ng4+ 18. Kg3 Qd6+ 19. f4 Qh6 20. Nf3 exf3 21. Rh1 Qd6
22. Bxh7+ Kf8 23. gxf3 Nh6 24. Rh5 Ne7 25. Bb4 Qe6 26. Qxd5 Qxd5 27. Rxd5 Be6
28. Rxc8+ Rxc8 29. Re5 Ke8 30. Bxe7 Kxe7 31. d5 f5 32. Rxe6+ 1-0

[Event "ICS rated blitz match"]
[Site "204.178.125.65"]
[Date "2000.03.01"]
[Round "?"]
[White "Kair"]
[Black "Hossa"]
[Result "0-1"]
[WhiteElo "2566"]
[BlackElo "2489"]
[PlyCount "202"]

1. e4 e5 2. Nf3 Nc6 3. Bb5 a6 4. Ba4 Nf6 5. O-O Be7 6. Re1 b5 7. Bb3 O-O 8. c3
d5 9. exd5 Nxd5 10. Nxe5 Nxe5 11. Rxe5 c6 12. d4 Bd6 13. Re1 Qh4 14. g3 Qh3 15.
Be3 Bg4 16. Qd3 Rae8 17. Nd2 Re6 18. Bxd5 cxd5 19. a4 bxa4 20. Rxa4 f5 21. Qf1
f4 22. gxf4 Rg6 23. Qxh3 Bxh3+ 24. Kh1 Bg2+ 25. Kg1 Be4+ 26. Kf1 Bd3+ 27. Re2
Bxf4 28. Bxf4 Rxf4 29. Ra1 Rgf6 30. f3 Rh4 31. Ke1 Bxe2 32. Kxe2 Rxh2+ 33. Kd3
Re6 34. b3 Kf7 35. c4 Rh5 36. c5 Rh2 37. Rc1 h5 38. c6 Re8 39. Ra1 Ra8 40. b4
Ke6 41. b5 Kd6 42. Ra5 h4 43. Ra1 g5 44. Ra5 Rg2 45. Nf1 Rb2 46. bxa6 Rb3+ 47.
Kd2 Rxf3 48. Ne3 Kxc6 49. Nxd5 g4 50. Rc5+ Kd6 51. Nc7 Raf8 52. a7 Rf2+ 53. Kd3
Ra2 54. Nb5+ Ke7 55. Re5+ Kf6 56. Ke4 Kg6 57. Rc5 g3 58. Rc6+ Kg5 59. Nc7 Rf4+
60. Kd3 Ra3+ 61. Kc4 g2 62. Ne6+ Kf5 63. Ng7+ Kg4 64. Rg6+ Kh3 65. Ne6 Rf1 66.
Rg7 Rxa7 67. Rxa7 g1=Q 68. Re7 Qe3 69. Kd5 Rf5+ 70. Kd6 Qg3+ 71. Kc6 Qf3+ 72.
Kc7 Qd5 73. Nd8 Qxd8+ 74. Kxd8 Rd5+ 75. Kc7 Rxd4 76. Rg7 Rd1 77. Rh7 Kg3 78.
Rg7+ Kh2 79. Kc6 h3 80. Rg6 Kh1 81. Kc5 h2 82. Kb6 Rg1 83. Rc6 Kg2 84. Rg6+ Kf3
85. Rf6+ Ke4 86. Re6+ Kd5 87. Re2 Rg6+ 88. Kc7 Rg7+ 89. Kb6 Rb7+ 90. Kxb7 h1=Q
91. Kc7 Qh7+ 92. Kb6 Qh6+ 93. Ka5 Qc1 94. Rg2 Kc5 95. Ka4 Qd1+ 96. Ka3 Qf3+ 97.
Kb2 Qxg2+ 98. Kc3 Qe2 99. Kb3 Qd2 100. Ka3 Kc4 101. Ka4 Qa2# 0-1

[Event "ICS rated blitz match"]
[Site "204.178.125.65"]
[Date "2000.03.01"]
[Round "?"]
[White "Hossa"]
[Black "Kair"]
[Result "0-1"]
[WhiteElo "2508"]
[BlackElo "2547"]
[PlyCount "122"]

1. e4 e5 2. Nf3 Nc6 3. d4 exd4 4. Nxd4 Bc5 5. Be3 Qf6 6. c3 Nge7 7. Bc4 Ne5 8.
Be2 Qg6 9. O-O d6 10. f3 O-O 11. Nd2 Bh3 12. Rf2 Rae8 13. Qb3 Bb6 14. Rd1 c5
15. Nc2 Be6 16. Nc4 Qf6 17. f4 Nxc4 18. Bxc4 Rd8 19. Rfd2 Bg4 20. Be2 Be6 21.
Qa3 Nc8 22. Qa4 g6 23. Qa3 Rde8 24. Bb5 Re7 25. Qa4 a6 26. Be2 Bd7 27. e5 Bxa4
28. exf6 Rxe3 29. Nxe3 c4 30. Rd4 Bxd1 31. Nxd1 Re8 32. Bf3 Na7 33. Kf1 Bxd4
34. cxd4 Nc6 35. Bxc6 bxc6 36. Nc3 h5 37. Kf2 d5 38. g3 a5 39. h3 Re6 40. Kf3
Rxf6 41. g4 hxg4+ 42. hxg4 Kf8 43. Kg3 Ke7 44. Kf3 Kd6 45. Kg3 c5 46. Nb5+ Kc6
47. a4 Re6 48. f5 gxf5 49. gxf5 Re2 50. Na7+ Kb6 51. Nc8+ Kc7 52. dxc5 Kxc8 53.
Kf3 Rxb2 54. Ke3 c3 55. Kd3 d4 56. Kxd4 c2 57. Kd5 c1=Q 58. Kd6 Qe3 59. Kd5 Rc2
60. f6 Rxc5+ 61. Kd6 Qe5# 0-1

[Event "ICS rated blitz match"]
[Site "204.178.125.65"]
[Date "2000.03.01"]
[Round "?"]
[White "Kair"]
[Black "Hossa"]
[Result "1-0"]
[WhiteElo "2561"]
[BlackElo "2494"]
[PlyCount "115"]

1. e4 e5 2. Nf3 Nc6 3. Bb5 a6 4. Ba4 Nf6 5. O-O Be7 6. Re1 b5 7. Bb3 O-O 8. c3
d5 9. exd5 Nxd5 10. Nxe5 Nxe5 11. Rxe5 c6 12. d4 Bd6 13. Re1 Qh4 14. g3 Qh3 15.
Be3 Bg4 16. Qd3 Rae8 17. Nd2 Re6 18. Qf1 Qh5 19. a4 Bh3 20. Bd1 Qf5 21. Qe2 Bf4
22. Qf3 Rfe8 23. axb5 Nxe3 24. Bb3 Nd5 25. Rxe6 Qxe6 26. Nf1 axb5 27. Bxd5 cxd5
28. gxf4 Bg4 29. Qg2 Bh3 30. Qg5 Bxf1 31. Kxf1 Qe2+ 32. Kg2 Qxb2 33. Qe5 Rc8
34. Ra5 Qb1 35. f5 Qd1 36. h3 Qh5 37. Rxb5 Qg5+ 38. Kh2 Qd2 39. Qe3 Qa2 40. Rb7
Qa3 41. Qe5 Rd8 42. Kg2 Qc1 43. f6 gxf6 44. Qxf6 Rf8 45. Qe5 Qxc3 46. Qxd5 Qc1
47. Re7 Kg7 48. Qe5+ Kg8 49. d5 Qd1 50. d6 h6 51. d7 Qc1 52. Qg3+ Kh8 53. Rxf7
Qg5 54. Rxf8+ Kg7 55. Qxg5+ hxg5 56. d8=Q Kh7 57. Qf6 g4 58. Rh8# 1-0

[Event "ICS rated blitz match"]
[Site "204.178.125.65"]
[Date "2000.03.01"]
[Round "?"]
[White "Hossa"]
[Black "patopato"]
[Result "1-0"]
[WhiteElo "2481"]
[BlackElo "2031"]
[PlyCount "101"]

1. e4 e5 2. Nf3 Nc6 3. Bc4 Be7 4. d4 exd4 5. Nxd4 Nf6 6. Nc3 O-O 7. O-O d6 8.
Nxc6 bxc6 9. Bf4 Be6 10. Bb3 Qd7 11. e5 Ng4 12. exd6 cxd6 13. Bxe6 Qxe6 14. Re1
Ne5 15. Bg3 Qc4 16. Bxe5 dxe5 17. Rxe5 Bf6 18. Re4 Qc5 19. Na4 Qa5 20. c3 Rfd8
21. Qg4 Rd5 22. Rae1 h6 23. Re8+ Rxe8 24. Rxe8+ Kh7 25. Qe4+ g6 26. Qc2 Re5 27.
Rxe5 Qxe5 28. Qd1 Qf4 29. Nc5 Qc4 30. Nb3 h5 31. Nc1 Be5 32. g3 h4 33. Qd7 Kg7
34. Qxa7 hxg3 35. hxg3 Qg4 36. Nb3 Qd1+ 37. Kg2 Qd5+ 38. Kh2 Bf6 39. Nd4 Qh5+
40. Kg2 Qd5+ 41. f3 c5 42. Nb3 c4 43. Nd4 Qe5 44. Kf2 Kg8 45. Qa6 Qg5 46. f4
Qh5 47. Qxf6 Qh2+ 48. Ke3 Qxb2 49. Nc6 Qxc3+ 50. Qxc3 Kf8 51. Qh8# 1-0

[Event "ICS rated bullet match"]
[Site "204.178.125.65"]
[Date "2000.03.01"]
[Round "?"]
[White "thutters"]
[Black "Hossa"]
[Result "0-1"]
[WhiteElo "2045"]
[BlackElo "2373"]
[PlyCount "44"]

1. d4 d5 2. c4 e6 3. Nf3 Nf6 4. g3 dxc4 5. Bg2 Bb4+ 6. Bd2 a5 7. O-O Nc6 8. e3
O-O 9. Qc2 Bxd2 10. Nbxd2 b5 11. Ne5 Nb4 12. Qb1 Ra6 13. a4 c6 14. Nxc6 Nxc6
15. axb5 Nxd4 16. bxa6 Ne2+ 17. Kh1 Bxa6 18. Qc2 c3 19. bxc3 Bd3 20. Qa2 Nxc3
21. Qxa5 Bxf1 22. Bxf1 Qxd2 0-1

[Event "ICS rated blitz match"]
[Site "204.178.125.65"]
[Date "2000.03.01"]
[Round "?"]
[White "proszach"]
[Black "Hossa"]
[Result "1/2-1/2"]
[WhiteElo "2429"]
[BlackElo "2483"]
[PlyCount "66"]

1. e4 c5 2. Nf3 e6 3. d4 cxd4 4. Nxd4 Nf6 5. Nc3 d6 6. Be2 Be7 7. O-O O-O 8. f4
a6 9. Kh1 Qc7 10. a4 Nc6 11. Be3 Rd8 12. Bd3 Nxd4 13. Bxd4 b6 14. Qf3 d5 15. e5
Nd7 16. Rae1 Nc5 17. Bxh7+ Kxh7 18. Qh5+ Kg8 19. Re3 g6 20. Rg3 Ne4 21. Rxg6+
fxg6 22. Qxg6+ Kf8 23. f5 Qc4 24. Qh6+ Ke8 25. Qg6+ Kd7 26. Qxe6+ Kc7 27. Qxb6+
Kd7 28. Qe6+ Ke8 29. Qg6+ Kf8 30. Qh6+ Kg8 31. Qg6+ Kf8 32. Qh6+ Kg8 33. Qg6+
Kf8 1/2-1/2

[Event "ICS rated bullet match"]
[Site "204.178.125.65"]
[Date "2000.03.01"]
[Round "?"]
[White "Hossa"]
[Black "jakev"]
[Result "1-0"]
[WhiteElo "2377"]
[BlackElo "2100"]
[PlyCount "47"]

1. c4 Nf6 2. Nc3 g6 3. Nf3 Bg7 4. e4 d6 5. d4 O-O 6. Be2 e5 7. dxe5 dxe5 8. Bg5
Qe8 9. O-O c6 10. Qd6 Qe6 11. Rad1 Na6 12. c5 Nh5 13. Bxa6 bxa6 14. Qc7 h6 15.
Rd6 Qe8 16. Be7 Be6 17. Bxf8 Qxf8 18. Rfd1 Rc8 19. Qxa7 Kh7 20. Qxa6 Nf4 21. b3
Bg4 22. Rxc6 Bxf3 23. Rxc8 Qe8 24. Rxe8 1-0

[Event "ICS rated blitz match"]
[Site "204.178.125.65"]
[Date "2000.03.01"]
[Round "?"]
[White "WhiteHorse"]
[Black "Hossa"]
[Result "0-1"]
[WhiteElo "2422"]
[BlackElo "2491"]
[PlyCount "102"]

1. c3 e5 2. e3 Nf6 3. d4 exd4 4. cxd4 Be7 5. f4 O-O 6. Bd3 Re8 7. Nf3 Bb4+ 8.
Nc3 d6 9. O-O Bg4 10. Qc2 Nc6 11. a3 Ba5 12. h3 Bxf3 13. Rxf3 Qe7 14. g4 Bxc3
15. bxc3 d5 16. Bd2 Ne4 17. Kh2 Nxd2 18. Qxd2 Qh4 19. Rg1 a6 20. g5 Rac8 21.
Rg4 Qh5 22. Kg3 Re4 23. Bxe4 dxe4 24. Rf2 Rd8 25. Qc2 Qg6 26. h4 Ne7 27. Kh3
Qf5 28. Rfg2 Nc8 29. Kh2 Nd6 30. Qb3 Qg6 31. c4 Qh5 32. c5 Nf5 33. Kh3 c6 34.
Qc3 Rd7 35. Qe1 g6 36. Rb2 h6 37. Rb3 Re7 38. Qg1 a5 39. a4 Kg7 40. Qg2 Kf8 41.
gxh6 Nxh6 42. Rg5 Qd1 43. Rb2 Nf5 44. Re2 Qxa4 45. h5 Qb3 46. hxg6 fxg6 47.
Rxg6 Rh7+ 48. Kg4 Nxe3+ 49. Rxe3 Qxe3 50. Kf5 Rf7+ 51. Ke6 Qb3+ 0-1

[Event "ICS rated blitz match"]
[Site "204.178.125.65"]
[Date "2000.03.01"]
[Round "?"]
[White "Kendo"]
[Black "Hossa"]
[Result "0-1"]
[WhiteElo "2356"]
[BlackElo "2514"]
[PlyCount "52"]

1. e4 d6 2. Nf3 e5 3. Bc4 Nc6 4. d4 exd4 5. O-O Bg4 6. c3 Bxf3 7. Qxf3 Ne5 8.
Qe2 dxc3 9. Nxc3 Nxc4 10. Qxc4 Qd7 11. Be3 Ne7 12. Rad1 Nc6 13. f4 Be7 14. Rf3
O-O 15. Rg3 Bh4 16. Rh3 Bf6 17. e5 Be7 18. Qe4 h6 19. Nd5 Rfe8 20. Rd3 Rac8 21.
Bf2 a6 22. Rdg3 Qe6 23. Bd4 f5 24. exf6 Qxe4 25. Rxg7+ Kf8 26. fxe7+ Nxe7 0-1